| 000 | 01008nam a22003017a 4500 | ||
|---|---|---|---|
| 003 | CHAP | ||
| 005 | 20220329135234.0 | ||
| 008 | 971013s1973 r 00010 d | ||
| 010 | _a33107 | ||
| 011 | _a34079 | ||
| 035 | _a38195 | ||
| 040 | _cCHAP | ||
| 090 | _aFolleto 3739 | ||
| 100 | 0 | 0 |
_aNovoa Barrero, Andrés Ricardo. _982052 |
| 245 | _aPrimera evaluación informe sobre la programación en comunicaciones segundo semestre | ||
| 260 |
_aBogotá : _bInstituto Colombiano Agropecuario, _c1973 |
||
| 300 |
_a30 p. _b; gráfs. |
||
| 590 |
_aBATCH-UPD _b10 _c20130110 _lUCH01 _h1806 |
||
| 590 |
_aBATCH-UPD _b10 _c20130410 _lUCH01 _h1142 |
||
| 590 |
_aBATCH-UPD _b10 _c20130914 _lUCH01 _h1024 |
||
| 590 |
_aCONVERSION _b10 _c20130109 _lUCH01 _h1319 |
||
| 650 | 1 | 4 |
_aComunicación en agricultura. _926212 |
| 650 | 1 | 4 |
_aExtensión agrícola. _939144 |
| 901 | _aBK | ||
| 942 | _cFOLL | ||
| 949 |
_aFolleto 3739 _bBC _cFOLL _d-87305 _eTS1 _i38195 _si |
||
| 949 |
_aFolleto 3739 _bBC _cFOLL _d-87306 _eTS2 _fc.2 _i38195 _si |
||
| 999 |
_c33107 _d33107 |
||